| 000 | 00475nam a2200181Ia 4500 | ||
|---|---|---|---|
| 008 | 230718s9999 xx 000 0 und d | ||
| 020 | _a9789385983405 | ||
| 041 | _aeng | ||
| 082 |
_a621.382'2 _bBAB |
||
| 100 | _aBabu P.R. | ||
| 245 | _aSignals And Systems | ||
| 250 | _a5th ed. | ||
| 260 |
_c2018 _bScitech Publication |
||
| 300 | _a958 | ||
| 365 |
_cRs. _b610.00 |
||
| 700 | _aBabu P.R. & Anandnatarajan R. | ||
| 906 |
_dO:0770009-Dec-2022B:12007-Dec-2022 _cTE _b762.5 |
||
| 999 |
_c353112 _d353112 |
||